Carnival fantástico / (Record no. 129593)
[ view plain ]
| 000 -LEADER | |
|---|---|
| fixed length control field | 01592pam a2200409 i 4500 |
| 001 - CONTROL NUMBER | |
| control field | 1559898970 |
| 003 - CONTROL NUMBER IDENTIFIER | |
| control field | DLC |
| 005 - DATE AND TIME OF LATEST TRANSACTION | |
| control field | 20260407141357.0 |
| 007 - PHYSICAL DESCRIPTION FIXED FIELD--GENERAL INFORMATION | |
| fixed length control field | t| |
| 008 - FIXED-LENGTH DATA ELEMENTS--GENERAL INFORMATION | |
| fixed length control field | 251114s2026 nyu d 000 1 eng |
| 010 ## - LIBRARY OF CONGRESS CONTROL NUMBER | |
| LC control number | 2025031751 |
| 020 ## - INTERNATIONAL STANDARD BOOK NUMBER | |
| International Standard Book Number | 9798217024469 |
| Qualifying information | hardcover |
| 020 ## - INTERNATIONAL STANDARD BOOK NUMBER | |
| Cancelled/invalid ISBN | 9798217024476 |
| Qualifying information | paperback |
| 035 ## - SYSTEM CONTROL NUMBER | |
| System control number | (OCoLC)1559898970 |
| 040 ## - CATALOGING SOURCE | |
| Original cataloging agency | DLC |
| Language of cataloging | eng |
| Description conventions | rda |
| Transcribing agency | DLC |
| Modifying agency | DLC-MRC |
| -- | DLC |
| 042 ## - AUTHENTICATION CODE | |
| Authentication code | pcc |
| -- | cyac |
| 100 1# - MAIN ENTRY--PERSONAL NAME | |
| Personal name | Montoya, Angela, |
| Relator term | author. |
| Relator code | aut. |
| -- | http://id.loc.gov/vocabulary/ relators/aut |
| 9 (RLIN) | 55653 |
| 245 10 - TITLE STATEMENT | |
| Title | Carnival fantástico / |
| Statement of responsibility, etc | Angela Montoya. |
| 300 ## - PHYSICAL DESCRIPTION | |
| Extent | 436 pages ; |
| Dimensions | 22 cm. |
| 500 ## - GENERAL NOTE | |
| General note | Includes an excerpt from A cruel thirst. |
| 520 ## - SUMMARY, ETC. | |
| Summary, etc | "A young woman poses as fortune-teller at a magical traveling carnival, where the handsome boy who once broke her heart resurfaces and warns her that carnival is more sinister than it appears"--Provided by publisher. |
| 521 1# - TARGET AUDIENCE NOTE | |
| Target audience note | Ages 12 and up |
| Source | Joy Revolution. |
| 521 2# - TARGET AUDIENCE NOTE | |
| Target audience note | Grades 7-9 |
| Source | Joy Revolution. |
| 650 #0 - SUBJECT ADDED ENTRY--TOPICAL TERM | |
| Topical term or geographic name as entry element | Fortune-telling |
| Form subdivision | Juvenile fiction. |
| 9 (RLIN) | 44112 |
| 650 #0 - SUBJECT ADDED ENTRY--TOPICAL TERM | |
| Topical term or geographic name as entry element | Carnivals |
| Form subdivision | Juvenile fiction. |
| 9 (RLIN) | 55654 |
| 650 #0 - SUBJECT ADDED ENTRY--TOPICAL TERM | |
| Topical term or geographic name as entry element | Magic |
| Form subdivision | Juvenile fiction. |
| 650 #1 - SUBJECT ADDED ENTRY--TOPICAL TERM | |
| Topical term or geographic name as entry element | Fortune telling |
| Form subdivision | Fiction. |
| 9 (RLIN) | 55655 |
| 650 #1 - SUBJECT ADDED ENTRY--TOPICAL TERM | |
| Topical term or geographic name as entry element | Carnivals |
| Form subdivision | Fiction. |
| 9 (RLIN) | 33809 |
| 650 #1 - SUBJECT ADDED ENTRY--TOPICAL TERM | |
| Topical term or geographic name as entry element | Magic |
| Form subdivision | Fiction. |
| 650 #1 - SUBJECT ADDED ENTRY--TOPICAL TERM | |
| Topical term or geographic name as entry element | Fantasy |
| 655 #7 - INDEX TERM--GENRE/FORM | |
| Genre/form data or focus term | Fantasy fiction. |
| Source of term | lcgft |
| 655 #7 - INDEX TERM--GENRE/FORM | |
| Genre/form data or focus term | Romance fiction. |
| Source of term | lcgft |
| 655 #7 - INDEX TERM--GENRE/FORM | |
| Genre/form data or focus term | Novels. |
| Source of term | lcgft |
| 776 1# - ADDITIONAL PHYSICAL FORM ENTRY | |
| Display text | Online version |
| Main entry heading | Montoya, Angela |
| Title | Carnival fant©Øastico |
| Place, publisher, and date of publication | New York, NY : Joy Revolution, 2026 |
| International Standard Book Number | 9798217024483 |
| Record control number | (DLC) 2025031752. |
| 907 ## - LOCAL DATA ELEMENT G, LDG (RLIN) | |
| a | .b51496084x |
| 942 ## - ADDED ENTRY ELEMENTS (KOHA) | |
| Source of classification or shelving scheme | Dewey Decimal Classification |
| Koha item type | Book |
| Withdrawn status | Lost status | Source of classification or shelving scheme | Damaged status | Not for loan | Home library | Current library | Shelving location | Date acquired | Total Checkouts | Full call number | Barcode | Date last seen | Cost, replacement price | Price effective from | Koha item type |
|---|---|---|---|---|---|---|---|---|---|---|---|---|---|---|---|
| Available | Dewey Decimal Classification | Martha's Vineyard High School Library | Martha's Vineyard High School Library | FANTASY | 04/07/2026 | FIC/MON | 39844500071324 | 04/07/2026 | 20.00 | 04/07/2026 | Book |
